| 000 | 00480nam a22001817a 4500 | ||
|---|---|---|---|
| 005 | 20200314153309.0 | ||
| 008 | 200314b xxu||||| |||| 00| 0 eng d | ||
| 020 | _a9789386978580 | ||
| 041 | _aeng | ||
| 082 | _a616.07 | ||
| 100 |
_aLAL HARBANS _95124 |
||
| 245 | _aESSENTIALS OF PHARMACEUTICAL BIOCHEMISTRY (INCLUDING PRACTICAL) | ||
| 250 | _a2'ND | ||
| 260 |
_aNEW DELHI _bCBC PUBLISHERS AND PUBLICATION _c2019 |
||
| 300 | _a311, V | ||
| 650 |
_aPHARMACY _95176 |
||
| 942 | _cBK | ||
| 999 |
_c6096 _d6094 |
||